Obras /
Guardado en:
| Autor Principal: | |
|---|---|
| Formato: | Libro |
| Publicado: |
España :
Plaza & Jan's,
1960
|
| Materias: | |
| Etiquetas: |
Agregar Etiqueta
Sin Etiquetas, Sea el primero en etiquetar este registro!
|
| LEADER | 00732nam a22002055a 4500 | ||
|---|---|---|---|
| 001 | CEM.cems007377 | ||
| 005 | 20060214000000.0 | ||
| 008 | 130507s1960##################000#0#####d | ||
| 003 | CEMS | ||
| 082 | 0 | 4 | |a 843.8 |
| 100 | 1 | |a Verne, Julio | |
| 245 | 1 | 0 | |a Obras / |
| 260 | |a España : |b Plaza & Jan's, |c 1960 | ||
| 300 | |a 1912 p. | ||
| 505 | 0 | |a Contenido: La impresionante aventura de la misi¢n Barsac.- Agencia Thompson y c¡a.- El rayo verde.- El secreto de Maston.- El archip'lago de fuego.- El soberbio Orinoco.- Kerab n el testarudo.- El 9672.- | |
| 653 | |a Ciencia ficcion | ||
| 653 | |a Literatura | ||
| 653 | |a Literatura fantastica | ||
| 653 | |a Literatura francesa | ||
| 859 | |a CEMS |b BIB. CEMS - 11 de abril |h 843.8 |i V594-5 |p 17240.93 |t Ej.1 | ||
